| 000 | 00362nam a2200145Ia 4500 | ||
|---|---|---|---|
| 008 | 230917s9999||||xx |||||||||||||| ||und|| | ||
| 040 |
_e240582 _aMAIN |
||
| 041 | _aEnglish | ||
| 082 | _a359.00954 K127B | ||
| 100 | _aKalyan Singh | ||
| 245 | 0 | _aBharat ki nausanya shakti ka vikas evam bharat ki suraksha | |
| 260 | _c2016 | ||
| 300 | _a289 p. | ||
| 942 | _cTH | ||
| 999 |
_c127038 _d127038 |
||